000 00328nam a22001457a 4500
008 210511b ||||| |||| 00| 0 eng d
020 _a9781578701902
041 _aeng
080 _a004
082 _a004
100 _a28
101 _aSHKI
245 _aGNU Autoconf, Automake, and Libtool
_cVaughan,G.V
942 _2udc
_cBK
999 _c57228
_d57228